PPP design and debugging

Αποθηκεύτηκε σε:
Λεπτομέρειες βιβλιογραφικής εγγραφής
Κύριος συγγραφέας: Carlson, James
Μορφή: Βιβλίο
Γλώσσα:English
Δημοσίευση: Reading, Mass. : Addison-Wesley, c1998
Θέματα:
Ετικέτες: Προσθήκη ετικέτας
Δεν υπάρχουν, Καταχωρήστε ετικέτα πρώτοι!

MARC

LEADER 00000nam a2200000 i 4500
001 1/3649
008 000522s1998 eng d
020 |a 0201185393 
035 |l 10060870 
040 |a GR-MY-UA  |b gre  |e aacr 
041 0 |a eng 
082 0 |a 004.62 
100 1 |a Carlson, James. 
245 1 0 |a PPP design and debugging /  |c James Carlson 
260 |a Reading, Mass. :   |b Addison-Wesley,   |c c1998 
300 |a xi, 228 p.;  |b ill.;  |c 24 cm. 
504 |a Includes bibliographical references and index 
650 0 0 |a PPP (Computer network protocol) 
852 |a INST  |b SAMOS  |e 20000522  |h 004.62 CAR  |p 005300017200  |q 005300017200  |t BK  |y 0 
901 |a BIBL3-2000-2 
909 |a Σ  |b 078022 
922 |a 3ΕΛΗ  |b 200005  |c ΤΠΕΣ  |d ΠΑΠΑΣΩΤΗΡΙΟΥ 
950 |a 133-1999-07-20 
970 |a ΠΟΥΡΝΑΡΑΣ  |b ΔΗΜΗΤΡΗΣ  |z 2000/05/25